000
00296nam a2200109Ia 4500
008
171211s9999 xx 000 0 und d
245
_a
Learning IBM Watson Analytics
245
_c
James D Miller
260
_c
2016
650
_x
SOFTWARE
856
_u
http://down.ebook777.com/062/9781785880773.pdf
999
_c
349331
_d
349331